000 01860nam0a2200493 4500
001 RU\NLR\bibl\1334897
005 20250615164815.0
010 _a978-5-222-14407-7
_93000
021 _aRU
_b2008-106037
_96255
035 _a(NLR Aleph) 001320103
090 _a734352
_c734353
100 _a20090205d2009 |||y0rusy50 ca
101 0 _arus
102 _aRU
105 _aa |||||||||
106 _ar
200 1 _aРусские цари
_e[1547-1917]
_fА.В. Захаревич, М.Е. Шалак
210 _aРостов-на-Дону
_cФеникс
_d2009
215 _a413, [1] с.
_cил., портр.
_d21
225 1 _aСерия "Исторические силуэты"
300 _aНа обл. авт. не указаны
320 _aБиблиогр.: с. 412-413
606 1 _aМонархи
_yРоссия
_92132673
_3RU\NLR\auth\661286445
606 1 _aЦари русские
_92032658
_3RU\NLR\auth\661220738
607 _aРоссия
_jБиографии
_xИстория
_91554184
_3RU\NLR\auth\66979780
610 0 _aРоссия
610 0 _aЦари
610 0 _aМонархи
610 0 _aИстория
610 0 _aБиографии
686 _a63.3(2)-8
_vLBC/RL
_2rubbk
686 _a0031
_aИстория России
_2TCC-BG
686 _aТ3(2)0,022
700 1 _aЗахаревич
_bА. В.
_gАлексей Владимирович
_4070
701 1 _4070
_aШалак
_bМ. Е.
_cканд. ист. наук
_gМаксим Евгеньевич
_9243201
_3RU\NLR\AUTH\770243257
801 0 _aRU
_bДонская ГПБ
_c20090205
_grcr
801 1 _aRU
_bДонская ГПБ
_c20090205
_2rusmarc
801 2 _aRU
_bNLR
_c20090302
_grcr
830 _aБиблиограф Пальчикова
830 _aCODE_OF_LIBNET\000019017
942 _cBOOK
980 _aNB